| 000 | 00657cam a22002411a 4500 | ||
|---|---|---|---|
| 001 | sa 67007213 | ||
| 003 | DLC | ||
| 005 | 20260227112414.0 | ||
| 008 | 951003s1964 pk b 000 0 urdo | ||
| 010 | _asa 67007213 | ||
| 025 | _aP-U-968 | ||
| 035 | _a(OCoLC)33236386 | ||
| 040 |
_aDLC _cWaU _dDLC |
||
| 042 | _apremarc | ||
| 050 | 0 | 0 |
_aD199.3 _b.N3 |
| 100 | 1 | _aNadvī, Yaḥyá. | |
| 245 | 1 | 0 |
_aIslām kā tahz̲ībī niẓām / _cSayyid Yaḥyá Nadvī. |
| 260 |
_aKarācī : _bPāk Akaiḍīmī, _c1964. |
||
| 300 |
_a343 p. ; _c18 cm. |
||
| 546 | _aIn Urdu. | ||
| 504 | _aIncludes bibliographical references. | ||
| 650 | 0 | _aIslamic civilization. | |
| 999 |
_c76438 _d76438 |
||